Chemistry: Ideas to interpret your changing environment (Record no. 31955)

MARC details
000 -LEADER
fixed length control field 00326nam a2200121Ia 4500
082 ## - DEWEY DECIMAL CLASSIFICATION NUMBER
Classification number 054
Item number HUG
100 ## - MAIN ENTRY--AUTHOR NAME
Personal name College, Ventura
245 #0 - TITLE STATEMENT
Title Chemistry: Ideas to interpret your changing environment
260 ## - PUBLICATION, DISTRIBUTION, ETC. (IMPRINT)
Place of publication Encino
Name of publisher Dickenson
Year of publication 1975
700 ## - ADDED ENTRY--PERSONAL NAME
Personal name Hughes, Tom
942 ## - ADDED ENTRY ELEMENTS (KOHA)
Koha item type Books
Holdings
Withdrawn status Lost status Damaged status Not for loan Home library Current library Date acquired Cost, normal purchase price Full call number Accession Number Koha item type
        RRII Library RRII Library 16/12/2021 10.95 054 HUG 12482 Books